Micro and nano-engineering of fuel cells (Record no. 82895)

MARC details
000 -LEADER
fixed length control field 01086nam a2200217 a 4500
008 - FIXED-LENGTH DATA ELEMENTS--GENERAL INFORMATION
fixed length control field 211123s2015 ||||||||||||||||| || u
020 ## - INTERNATIONAL STANDARD BOOK NUMBER
International Standard Book Number 9780415644396
050 ## - LIBRARY OF CONGRESS CALL NUMBER
Classification number TK 2931 Mic
100 ## - MAIN ENTRY--PERSONAL NAME
Personal name Leung, Dennis Y.C
245 10 - TITLE STATEMENT
Title Micro and nano-engineering of fuel cells
Statement of responsibility, etc. Edited by Dennis Y.C. Leung; Jin Xuan
260 ## - PUBLICATION, DISTRIBUTION, ETC.
Place of publication, distribution, etc. London
Name of publisher, distributor, etc. CRC Press
Date of publication, distribution, etc. 2015
300 ## - PHYSICAL DESCRIPTION
Extent xxxiv, 301 pages: illustrations
350 ## -
-- 148.13
650 ## - SUBJECT ADDED ENTRY--TOPICAL TERM
Topical term or geographic name entry element TECHNOLOGY AND ENGINEERING--CHEMICAL AND BIOCHEMICAL
650 ## - SUBJECT ADDED ENTRY--TOPICAL TERM
Topical term or geographic name entry element TECHNOLOGY AND ENGINEERING--NANOTECHNOLOGY
650 ## - SUBJECT ADDED ENTRY--TOPICAL TERM
Topical term or geographic name entry element FUEL CELLS
700 ## - ADDED ENTRY--PERSONAL NAME
Personal name Xuan, Jin
995 ## -
-- MAIN LIBRARY OPEN ACCESS
-- 751545
-- CBU-MAIN LIBRARY (Kitwe)
-- 148.13
-- TK 2931 Mic
-- AVAILABLE
-- Nov 25, 2021
-- 751545
-- Main Library Open Access Collection
995 ## -
-- MAIN LIBRARY OPEN ACCESS
-- 751546
-- CBU-MAIN LIBRARY (Kitwe)
-- 148.13
-- TK 2931 Mic
-- AVAILABLE
-- Nov 25, 2021
-- 751546
-- Main Library Open Access Collection
995 ## -
-- MAIN LIBRARY OPEN ACCESS
-- 751547
-- CBU-MAIN LIBRARY (Kitwe)
-- 148.13
-- TK 2931 Mic
-- AVAILABLE
-- Nov 25, 2021
-- 751547
-- Main Library Open Access Collection
999 ## -
-- 82895
-- 82895
Holdings
Withdrawn status Lost status Source of classification or shelving scheme Damaged status Not for loan Permanent Location Current Location Shelving location Date acquired Total Checkouts Full call number Barcode Date last seen Copy number Price effective from Koha item type Collection code Source of acquisition
          CBU- LUSAKA CAMPUS CBU- LUSAKA CAMPUS General Stacks 10/22/2024   TK 2931 Mic 752922 10/22/2024   10/22/2024 MONOGRAPH CBU-Lusaka Campus BOOK AID INTERNATIONAL
          CBU-MAIN LIBRARY, KITWE. CBU-MAIN LIBRARY, KITWE.   09/29/2023   TK 2931 Mic 751545 09/29/2023 1 09/29/2023 MONOGRAPH    
          CBU-MAIN LIBRARY, KITWE. CBU-MAIN LIBRARY, KITWE.   09/29/2023   TK 2931 Mic 751546 09/29/2023 2 09/29/2023 MONOGRAPH    
          CBU-MAIN LIBRARY, KITWE. CBU-MAIN LIBRARY, KITWE.   09/29/2023   TK 2931 Mic 751547 09/29/2023 3 09/29/2023 MONOGRAPH